Requiem por un pueblo / (Record no. 113783)

MARC details
000 -LEADER
campo de control de longitud fija 00456nam a2200157 4500
001 - NÚMERO DE CONTROL
campo de control 113783
003 - IDENTIFICADOR DE NÚMERO DE CONTROL
campo de control ES-MaACL
005 - FECHA Y HORA DE LA ÚLTIMA TRANSACCIÓN
campo de control 20230906190014.0
007 - CAMPO FIJO DE DESCRIPCIÓN FÍSICA--INFORMACIÓN GENERAL
campo de control de longitud fija t|
008 - DATOS DE LONGITUD FIJA--INFORMACIÓN GENERAL
campo de control de longitud fija 061121s1965 sp r ||||1| spa d
100 1# - ENTRADA PRINCIPAL--NOMBRE DE PERSONA
Nombre de persona Padilla, Alfonso Manuel.
9 (RLIN) 88166
245 10 - MENCIÓN DEL TÍTULO
Título Requiem por un pueblo /
Mención de responsabilidad, etc. Alfonso Manuel Padilla.
260 ## - PUBLICACIÓN, DISTRIBUCIÓN, ETC.
Lugar de publicación, distribución, etc. Bilbao :
Nombre del editor, distribuidor, etc. [s.n.,
Fecha de publicación, distribución, etc. 1965 (
Fabricante Gráf. Castilla])
300 ## - DESCRIPCIÓN FÍSICA
Extensión 47 p. :
Otras características físicas il ;
Dimensiones 19 cm.
852 ## - LOCALIZACIÓN
Ubicación ES-MaACL
Número de control de estantería 2050-F-13
Sublocalización o colección R.60166
Holdings
Estatus retirado Estado de pérdida Estado de daño No para préstamo Colección Biblioteca de origen Biblioteca actual Ubicación en estantería Fecha de adquisición Fuente de adquisición Total de préstamos Signatura topográfica completa Código de barras Visto por última vez Precio de reemplazo Tipo de ítem Koha
        Colección de folletos Biblioteca del Ateneo de Madrid Biblioteca del Ateneo de Madrid Depósito folletos 17/01/2008     2050-F-13 1118666 23/02/2023 23/02/2023 Folleto